| Tag |
First Indicator |
Second Indicator |
Subfields |
| LEADER |
00000nam a2200000 i 4500 |
| 001 |
in00004590913 |
| 006 |
m o d f |
| 007 |
cr b|||||||||| |
| 008 |
220516s2022 ncuab ob f100 0 eng c |
| 005 |
20220812190911.5 |
| 035 |
|
|
|a (OCoLC)on1317699187
|
| 040 |
|
|
|a AGM
|b eng
|e rda
|e pn
|c AGM
|d AGM
|d GPO
|d MvI
|
| 042 |
|
|
|a pcc
|
| 049 |
|
|
|a WWW
|
| 074 |
|
|
|a 0083-B-06 (online)
|
| 086 |
0 |
|
|a A 13.88:SRS-GTR-264
|
| 111 |
2 |
|
|a Interagency Conference on Research in the Watersheds
|n (7th :
|d 2020 :
|c Tifton, Ga.)
|
| 245 |
1 |
0 |
|a Enhancing landscapes for sustainable intensification and watershed resiliency :
|b proceedings of the Seventh Interagency Conference on Research in the Watersheds : Tifton, Georgia, November 16-19, 2020 /
|c editors: James S. Latimer [and four others]
|
| 264 |
|
1 |
|a Asheville, N.C. :
|b U.S. Department of Agriculture, Forest Service, Southern Research Station,
|c 2022.
|
| 300 |
|
|
|a 1 online resource (xiv, 217 pages) : color illustrations, color maps.
|
| 336 |
|
|
|a text
|b txt
|2 rdacontent
|
| 337 |
|
|
|a computer
|b c
|2 rdamedia
|
| 338 |
|
|
|a online resource
|b cr
|2 rdacarrier
|
| 490 |
1 |
|
|a General technical report SRS-GTR ;
|v 264
|
| 500 |
|
|
|a "May 2022."
|
| 500 |
|
|
|a GPO Cataloging Record Distribution Program (CRDP).
|
| 504 |
|
|
|a Includes bibliographical references.
|
| 588 |
|
|
|a Description based on online resource; title from PDF title page (USFS, viewed July 6, 2022).
|
| 650 |
|
0 |
|a Watershed management.
|
| 650 |
|
0 |
|a Sustainability.
|
| 650 |
|
0 |
|a Research and development projects.
|
| 650 |
|
0 |
|a Landscape ecology.
|
| 650 |
|
0 |
|a Watershed ecology.
|
| 650 |
|
0 |
|a Hydrologic models.
|
| 700 |
1 |
|
|a Latimer, James S.,
|e editor.
|
| 710 |
1 |
|
|a United States.
|b Forest Service.
|b Southern Research Station,
|e issuing body.
|
| 830 |
|
0 |
|a General technical report SRS ;
|v GTR-264.
|
| 856 |
4 |
0 |
|u https://purl.fdlp.gov/GPO/gpo184226
|t 0
|
| 999 |
f |
f |
|s 85f988e1-cd19-462b-a7ca-f2496d2d4594
|i 85f988e1-cd19-462b-a7ca-f2496d2d4594
|t 0
|
| 952 |
f |
f |
|a Texas A&M University
|b College Station
|c Electronic Resources
|d Available Online
|t 0
|e A 13.88:SRS-GTR-264
|h Superintendent of Documents classification
|
| 998 |
f |
f |
|a A 13.88:SRS-GTR-264
|t 0
|l Available Online
|